000 00454nam a2200145Ia 4500
008 100204s9999 xx 000 0 und d
082 _b5596
100 _aआठल्ये अनिल त्रयं.
245 _aप्रतीक्षा
260 _b"शकुन प्रकाशन , पुणे 30"
_c1983
300 _a206
630 _aप्रतीक्षा
730 _aप्रतीक्षा
942 _cBOOK
999 _c450166
_d450163